| 000 | 00409nam a2200157Ia 4500 | ||
|---|---|---|---|
| 008 | 231217s9999 xx 000 0 und d | ||
| 041 | _aEnglish | ||
| 082 | _a793.73 CHA;1 R | ||
| 100 | _aChampanerkar, M | ||
| 245 | 0 | _a121 Mathematical puzzles and teasers | |
| 260 |
_c2004 _bSudhana _aBangalore |
||
| 300 | _a90 | ||
| 500 | _a2012 Missing | ||
| 650 | _a121,Mathematical,puzzles,teasers | ||
| 942 | _cAA | ||
| 999 |
_c174831 _d174831 |
||